La lingüística : una reflexión entorno al proceso de aprendizaje para docentes /

Detalles Bibliográficos
Autor principal: Rojas Molina, Sandra Liliana (Autor)
Formato: Electrónico eBook
Lenguaje:español
Publicado: Bogotá : Ecoe Ediciones, [2019]
Edición:Primera edición.
Colección:Colección Educación y pedagogía. Área lingüística.
Materias:
Acceso en línea:Digitalia Hispánica

MARC

LEADER 00000nam a2200000Ii 4500
001 DIGECOED0687
003 NyNyDIG
006 m o d
007 cr |||||||||||
008 240904s2019 ck ob 000 0 spa d
035 |a (OCoLC)1454785774 
040 |a DGITA  |b eng  |e rda  |e pn  |c DGITA 
020 |a 9789587717860  |q eBook 
020 |z 9789587717853 
050 1 4 |a P51 ebook 
082 0 4 |a 410  |2 23 
100 1 |a Rojas Molina, Sandra Liliana,  |e author. 
245 1 3 |a La lingüística :  |b una reflexión entorno al proceso de aprendizaje para docentes /  |c Sandra Liliana Rojas Molina. 
250 |a Primera edición. 
264 1 |a Bogotá :  |b Ecoe Ediciones,  |c [2019] 
300 |a 1 online resource. 
336 |a text  |b txt  |2 rdacontent 
337 |a computer  |b c  |2 rdamedia 
338 |a online resource  |b cr  |2 rdacarrier 
347 |a text file  |2 rdaft 
347 |b PDF 
490 1 |a Colección: Educación y pedagogía. Área: Linguística 
504 |a Includes bibliographical references. 
588 0 |a Online resource; title from PDF title page (Digitalia, viewed September 4, 2024) 
650 0 |a Linguistics  |x Study and teaching. 
791 2 |a Digitalia (Firm),  |e distributor. 
793 0 |g Digitalia eBook Collection:  |a Ecoe Ediciones 
776 0 8 |i Print version:  |a Rojas Molina, Sandra Liliana.  |t Lingüística.  |b Primera edición.  |d Bogotá : Ecoe Ediciones, [2019]  |z 9789587717853 
830 0 |a Colección Educación y pedagogía.  |p Área lingüística. 
856 4 0 |3 Digitalia Hispánica  |u https://www.digitaliapublishing.com/a/156708/ 
910 |a Premium collection: 2024